| 000 | 00631cac a2200217 4500 | ||
|---|---|---|---|
| 005 | 20150829152934.0 | ||
| 008 | 060918t19921992sp 000 0 spa u | ||
| 020 | _a8475098495 | ||
| 100 | 1 | _aArkoun, Mohamed | |
| 245 | 1 | 3 |
_aEl pensamiento Árabe / _cMohamed Arkoun. |
| 250 | _a1a ed. | ||
| 260 |
_aBarcelona, España : _bPaids, _cc1992 |
||
| 300 |
_a148 p. ; _c19 cm. |
||
| 440 | 0 |
_aPaids orientalia ; _v35 |
|
| 500 | _aTraducción de : la pense arabe | ||
| 504 | _aIncluye glosario e indice | ||
| 506 | _aRec. prop. esc. | ||
| 650 | 4 |
_aPaises arabes _xVida intelectual |
|
| 942 |
_2lcc _cLIB |
||
| 999 |
_c99713 _d99713 |
||